| 000 | 00421 a2200145 4500 | ||
|---|---|---|---|
| 001 | 88326 | ||
| 082 | _aPR 507 | ||
| 090 |
_c41746 _d41746 |
||
| 100 | _aAtif Shamsi | ||
| 245 |
_aTo simlate the NUST and CAE grading systems and compare the corresponding Relegation and suspension Rates _cSalim Ur Rehman _pCAEG-53 (A) |
||
| 250 | _a1st | ||
| 260 |
_aRisalpur _bNUST _c2001 |
||
| 300 | _a83p | ||
| 500 | _aBE Project Reports | ||
| 942 |
_aCAE NUST _kPR 507 |
||
| 999 |
_c323399 _d323399 |
||